Naším cieľom je zjednotená Európa
Z vystúpenia predsedu Rakúskej národnej rady Heinza Fischera na stretnutí predsedov európskych parlamentov v Štokholme. Výzvy národných parlamentov: konsolidácia Európy ako priestoru slobody, stability a istoty; rozšírenie Európskej únie; vyváženosť ekonomického vývoja; boj proti nezamestnanosti. Úl...
Guardado en:
| Formato: | Capítulo de libro |
|---|---|
| Lenguaje: | eslovaco |
| Materias: | |
| Etiquetas: |
Sin Etiquetas, Sea el primero en etiquetar este registro!
|
MARC
| LEADER | 00000naa a2200000 4500 | ||
|---|---|---|---|
| 001 | r032880 | ||
| 005 | 20230606080806.3 | ||
| 041 | 0 | |a slo | |
| 044 | |a SK | ||
| 245 | 1 | 0 | |a Naším cieľom je zjednotená Európa |
| 520 | |a Z vystúpenia predsedu Rakúskej národnej rady Heinza Fischera na stretnutí predsedov európskych parlamentov v Štokholme. Výzvy národných parlamentov: konsolidácia Európy ako priestoru slobody, stability a istoty; rozšírenie Európskej únie; vyváženosť ekonomického vývoja; boj proti nezamestnanosti. Úlohy národných parlamentov. Reformné návrhy európskych inštitúcií. Ciele medzinárodných organizácií. | ||
| 610 | 2 | 0 | |a parlamenty |
| 610 | 2 | 0 | |a politika hospodárska medzinárodná |
| 610 | 2 | 0 | |a Európska únia |
| 610 | 2 | 0 | |a konsolidácia |
| 610 | 2 | 0 | |a vývoj hospodársky |
| 610 | 2 | 0 | |a nezamestnanosť |
| 610 | 2 | 0 | |a legislatíva |